000 00456nam a2200169Ia 4500
005 20250508152213.0
008 008 250505s9999 xx 000 0 eng d
037 _aBooks to be hide in OPAC
040 _aFEDL
_beng
_cFEDL
041 _aeng
_2eng
084 _a820.9, LEG/O
_qFEDL
100 _aLegouis E
_9761015
245 0 _aHistory of english literature
300 _a1426p.
942 _cHB
_h820.9, LEG/O
999 _c1334942
_d1334942